| 000 | 00348cam a2200145ua 4500 | ||
|---|---|---|---|
| 041 |
_aeng _h |
||
| 082 |
_a823.308 _bTRO/TH |
||
| 100 | _aTrollope, Anthant . | ||
| 245 |
_aThree Clerk / _cTrollope,Anthanoy. _hTextual Documents |
||
| 260 |
_aLondon : _bLongman , _c1960. |
||
| 300 | _a118 ; . | ||
| 504 | _a | ||
| 942 | _cBK | ||
| 999 |
_c12844 _d12844 |
||